चाँद पर तिरंगा / (Record no. 42382)

MARC details
000 -LEADER
fixed length control field 00907nam a22002057a 4500
005 - DATE AND TIME OF LATEST TRANSACTION
control field 20100818105822.0
010 ## - LCCN (DPL NO)
LC control number HIN-90189
020 ## - INTERNATIONAL STANDARD BOOK NUMBER
International Standard Book Number 9788188135424
Terms of availability 195.00
035 ## - SYSTEM CONTROL NUMBER
System control number HN-62535
037 ## - SOURCE OF ACQUISITION
Source of stock number/acquisition DBAD / PUB
082 ## - DEWEY DECIMAL CLASSIFICATION NUMBER
Classification number 500
100 ## - MAIN ENTRY--PERSONAL NAME
Personal name भाटिया, सुदर्शन
245 ## - TITLE STATEMENT
Title चाँद पर तिरंगा /
Remainder of title सुदर्शन भाटिया
246 ## - VARYING FORM OF TITLE
Title proper/short title Chand par Tiranga
Remainder of title by Sundarshan Bhatia
260 ## - PUBLICATION, DISTRIBUTION, ETC. (IMPRINT)
Place of publication, distribution, etc नई दिल्ली
Name of publisher, distributor, etc अनुरोध प्रकाशन
Date of publication, distribution, etc 2010
270 ## - ADDRESS
Address डी-75 बी, निहाल विहार
City नई दिल्ली
Postal code 110041
300 ## - PHYSICAL DESCRIPTION
Extent 128पृ.
Dimensions 22सेमी (सजिल्द)
942 ## - ADDED ENTRY ELEMENTS (KOHA)
Source of classification or shelving scheme Dewey Decimal Classification
Item type Hindi Books
Classification part 500
Call number suffix भाटिया
Holdings
Withdrawn status Lost status Not for loan Collection code Home library Current library Date acquired Source of acquisition Cost, normal purchase price Full call number Barcode Copy number Cost, replacement price Koha item type
    Not For Loan Non-fiction D.B.Act.Division D.B.Act.Division 18/08/2010 DBAD / PUB 195.00 500 भाटिया HN-62535 1 195.00 Hindi Books

© Delhi Public Library
Hit Counter
free hit counter